=LDR 00000nam 2200000 4500 =001 INLIS000000000030989 =005 20230227111018 =035 ##$$a 0010-061300000030989 =008 230227###########################0#ind## =041 ##$$a ind =082 ##$$a 028.5 =090 ##$$a 028.5, Nan a =100 ##$$a Nanit, Bunda =245 1#$$a Ari Si Matahari /$c Bunda Nanit, Jodhi P.Giriarso; Imran Laha =260 ##$$a Jakarta :$b Bumi Aksara =300 ##$$a 32 hlm, : $b ilus, ; $c 12 cm. =650 #4$$a Bacaan Kanak-kanak =850 ##$$a NBPNMAT =020 ##$$a 979-010-452-9 =084 ##$$a 028.5 NAN a =990 ##$$a 91359/BPAP-NTB/2014 =990 ##$$a 21400613/BPAP-NTB/20142014 =990 ##$$a 0001/BPAP-NTB/20142015 =990 ##$$a 21306392 =990 ##$$a 20901800 =990 ##$$a 21421748 =990 ##$$a 17451745 =990 ##$$a 21306391 =990 ##$$a 91359/BPAP-NTB/2014 =990 ##$$a 21400613/BPAP-NTB/20142014 =990 ##$$a 0001/BPAP-NTB/20142015 =990 ##$$a 21306392 =990 ##$$a 20901800 =990 ##$$a 21421748 =990 ##$$a 19031903 =990 ##$$a 21421750 =990 ##$$a 91359/BPAP-NTB/2014 =990 ##$$a 21400613/BPAP-NTB/20142014 =990 ##$$a 0001/BPAP-NTB/20142015 =990 ##$$a 21306392 =990 ##$$a 20901800 =990 ##$$a 21421748 =990 ##$$a 21306391